| 000 | 00410nam a2200181Ia 4500 | ||
|---|---|---|---|
| 001 | 8665 | ||
| 003 | GE_BSU | ||
| 008 | 181216s||||||||xx |||||||||||||| ||und|| | ||
| 040 | _cGE_BSU | ||
| 245 | _aParis Match, du 19 AU 25 decembre. №3370. 2013. | ||
| 245 | _b№3370 | ||
| 245 | _cdir.red. O.Royant. | ||
| 260 | _aParis | ||
| 260 | _c2013 | ||
| 300 | _a159p.29cm. | ||
| 653 | _aParis Match | ||
| 942 | _cCR | ||
| 999 |
_c41980 _d41980 |
||